Open Data Biblioteca Nacional de Portugal


República Portuguesa: Ministério da Cultura
Biblioteca Nacional de Portugal

Catálogo da BNP: acesso por Identificadores Unívocos
Registos Bibliográficos associados ao registo de autoridade

Etiqueta de registo: 00000nkm 2200025 450
001 2251657
003 http://id.bnportugal.gov.pt/bib/catbnp/2251657
100 ## $a2026020_d1994 m y0pory01030103ba
101 0# $apor
102 ## $aPT
200 1# $aConcurso de cozinha alentejana, Évora, 1 de abril a 31 de maio, 94$bVisual gráfico]$fCâmara Municipal de Évora$gAntónio Covinha 94
210 #9 $aÉvora$cCâmara Municipal de Évora,$d1994$eÉvora :$gDiana - Litográfica do Alentejo)
215 ## $a1 cartaz$ccolor.$d65x46 cm
675 ## $a641.5(=1:469.5)(084.5)$vBN$zpor$3396207
675 ## $a7.092(469.512)"1994"(084.5)$vBN$zpor$31996520
675 ## $a766(=1:469)"199"(084.5)$vBN$zpor$3589138
702 #1 $aCovinha,$bAntónio$4440$3109913
710 12 $aConcurso de Cozinha Alentejana,$eÉvora,$f1994$31996521
712 01 $aÉvora.$bCâmara Municipal$4557$36982
801 #0 $aPT$bBN$gRPC
966 ## $lBN$mICONOG$sCT. 16685 A.$x1
971 ## $cCaticonografia7$d20260120
972 ## $d20260421 $e1$vfpinelo$z0
995 ## $aPRR2026 $d20260120$iCaticonografia7

OpendataBNP@bnportugal.pt | Mais informação sobre acesso aos dados BNP